000
00283nam a22001337a 4500
008
170601b xxu||||| |||| 00| 0 eng d
020
_a
9780812922059
041
_a
eng
080
_a
17
100
_a
17
101
_a
SHH
245
_a
A GOLD PEACE
_c
002-287345
942
_2
udc
_c
BK
999
_c
15355
_d
15355